| 000 | 01057nam a2200313 a 4500 | ||
|---|---|---|---|
| 999 |
_c529470 _d529470 |
||
| 001 | 4734587 | ||
| 003 | NUST | ||
| 005 | 20190926130321.0 | ||
| 008 | 840712s1984 dcua b f000 0 eng | ||
| 010 | _a 84051492 | ||
| 020 |
_a0309035716 (pbk.) : _c$8.80 |
||
| 038 | _aMSOHAIL | ||
| 040 |
_aDLC _cDLC _dDLC |
||
| 050 | 0 | 0 |
_aTE200 _b.F87 1984 |
| 082 | 0 | 0 |
_a625.84 _219 |
| 100 | 1 |
_aFurr, Howard L., _d1915- _921598 |
|
| 245 | 1 | 0 |
_aHighway uses of epoxy with concrete / _cHoward L. Furr. |
| 260 |
_aWashington, D.C. : _bTransportation Research Board, National Research Council, _c[1984] |
||
| 300 |
_a68 p. : _bill. ; _c28 cm. |
||
| 490 | 1 |
_aSynthesis of highway practice / National Cooperative Highway Research Program, _x0547-5570 ; _v109 |
|
| 500 | _a"October 1984." | ||
| 504 | _aBibliography: p. 25-27. | ||
| 650 | 0 |
_aRoad materials. _921188 |
|
| 650 | 0 |
_aConcrete. _9564 |
|
| 650 | 0 |
_aEpoxy resins. _921599 |
|
| 830 | 0 |
_aSynthesis of highway practice ; _v109. _921600 |
|
| 906 |
_a7 _bcbc _corignew _d3 _eocip _f19 _gy-gencatlg |
||
| 942 |
_2ddc _cBK |
||